<?xml version="1.0" encoding="UTF-8"?>
<record
    xmlns:xsi="http://www.w3.org/2001/XMLSchema-instance"
    xsi:schemaLocation="http://www.loc.gov/MARC21/slim http://www.loc.gov/standards/marcxml/schema/MARC21slim.xsd"
    xmlns="http://www.loc.gov/MARC21/slim">

  <leader>00850nam a2200217 a 4500</leader>
  <controlfield tag="001">000024853</controlfield>
  <controlfield tag="005">20200930023417.0</controlfield>
  <controlfield tag="008">110207s1988    cu abc  r     000 0 spa d</controlfield>
  <datafield tag="040" ind1=" " ind2=" ">
    <subfield code="a">DO-SdBNP</subfield>
    <subfield code="b">spa</subfield>
    <subfield code="c">BNPHU</subfield>
  </datafield>
  <datafield tag="082" ind1=" " ind2=" ">
    <subfield code="a">928.7291</subfield>
    <subfield code="b">M378D</subfield>
  </datafield>
  <datafield tag="100" ind1="1" ind2=" ">
    <subfield code="a">D&#xED;az M&#xE9;ndez, Mary Nieves,</subfield>
    <subfield code="d">1951-</subfield>
    <subfield code="9">51002</subfield>
  </datafield>
  <datafield tag="245" ind1="1" ind2="0">
    <subfield code="a">De Paula 41 al Museo Casa Natal Jos&#xE9; Mart&#xED; :</subfield>
    <subfield code="b">historia de un hombre contada por su casa /</subfield>
    <subfield code="c">Mary Nieves D&#xED;az M&#xE9;ndez ; edici&#xF3;n Dulcila Ca&#xF1;izares.</subfield>
  </datafield>
  <datafield tag="260" ind1=" " ind2=" ">
    <subfield code="a">La Habana, Cuba :</subfield>
    <subfield code="b">Letras Cubanas,</subfield>
    <subfield code="c">1988.</subfield>
  </datafield>
  <datafield tag="300" ind1=" " ind2=" ">
    <subfield code="a">125, [1] p. :</subfield>
    <subfield code="b">il., mapas, retrs. ;</subfield>
    <subfield code="c">18 cm.</subfield>
  </datafield>
  <datafield tag="504" ind1=" " ind2=" ">
    <subfield code="a">Incluye referencias bibliogr&#xE1;ficas (121-124)</subfield>
  </datafield>
  <datafield tag="600" ind1="1" ind2="4">
    <subfield code="a">MART&#xCD;, JOS&#xC9;,</subfield>
    <subfield code="d">1853-1895</subfield>
    <subfield code="x">BIOGRAF&#xCD;A</subfield>
    <subfield code="9">19222</subfield>
  </datafield>
  <datafield tag="650" ind1=" " ind2="4">
    <subfield code="a">Literatura cubana</subfield>
    <subfield code="9">1483</subfield>
  </datafield>
  <datafield tag="651" ind1=" " ind2="4">
    <subfield code="a">Cuba</subfield>
    <subfield code="x">Pol&#xED;tica Y Gobierno</subfield>
    <subfield code="9">541</subfield>
  </datafield>
  <datafield tag="700" ind1="1" ind2=" ">
    <subfield code="a">Ca&#xF1;izares, Dulcila</subfield>
    <subfield code="e">ed.</subfield>
    <subfield code="9">51003</subfield>
  </datafield>
  <datafield tag="049" ind1=" " ind2=" ">
    <subfield code="a">BNGR</subfield>
  </datafield>
  <datafield tag="952" ind1=" " ind2=" ">
    <subfield code="0">0</subfield>
    <subfield code="1">0</subfield>
    <subfield code="5">4</subfield>
    <subfield code="7">0</subfield>
    <subfield code="8">MO</subfield>
    <subfield code="a">GR</subfield>
    <subfield code="b">GR</subfield>
    <subfield code="c">CT</subfield>
    <subfield code="d">2011-02-07</subfield>
    <subfield code="i">LF1</subfield>
    <subfield code="l">0</subfield>
    <subfield code="o">928.7291 M378D</subfield>
    <subfield code="p">24853-10</subfield>
    <subfield code="r">2020-06-25</subfield>
    <subfield code="w">2020-06-25</subfield>
    <subfield code="y">4</subfield>
    <subfield code="Z">Pr&#xE9;stamo en sala</subfield>
  </datafield>
  <datafield tag="999" ind1=" " ind2=" ">
    <subfield code="c">24346</subfield>
    <subfield code="d">24346</subfield>
  </datafield>
</record>
